| 000 | 00912nam a2200253 i 4500 | ||
|---|---|---|---|
| 005 | 20251130113006.0 | ||
| 008 | 251126s2025 my a gr6 000 h may d | ||
| 020 |
_a9789830501789 _cRM35.00 _qpaperback |
||
| 040 |
_aPPAK _beng _cPPAK _erda |
||
| 082 | 0 | 4 |
_223 _a741.59595 |
| 090 | 0 | 0 |
_a741.59595 _bBAW _dG |
| 100 | 0 |
_aBawang, _eauthor _eillustrator. |
|
| 245 | 1 | 0 |
_aKOLEKSI SELANGKAH KE ALAM MISTERI / _cKARYA BAWANG ; Editor: LAMBOK ; Ilustrasi Kulit Depan: AIE / BAWANG |
| 264 | 1 |
_aSubang Jaya, Selangor : _bMOY PUBLICATIONS SDN. BHD., _c2025 |
|
| 300 |
_a172 pages : _billustrations ; _c26 cm |
||
| 336 |
_atext _2rdacontent |
||
| 337 |
_aunmediated _2rdamedia |
||
| 338 |
_avolume _2rdacarrier |
||
| 650 | 1 | 0 |
_aComic books, strips, etc. _zMalaysia |
| 650 | 2 | 0 | _aComic books and teenagers |
| 700 | 0 |
_aLambok, _eeditor. |
|
| 700 | 0 |
_aAie, _eillustrator. |
|
| 942 |
_2ddc _cB |
||
| 999 |
_c201812 _d201812 |
||